000 00779nam a2200241 a 4500
005 20240807063813.0
008 031105s1992 es r 000 0 spa d
020 _a8479600470
035 _aUPN01000130719
049 _aCG
050 4 _aPN6710
_bA6.3 1992
100 1 _aAparici, Roberto
_928734
245 1 3 _aEl cómic y la fotonovela en el aula /
_cRoberto Aparici.
250 _a2a ed.
260 _aMadrid :
_bEdiciones de la Torre,
_c1992.
300 _a180 p. :
_bil.
440 0 _aProyecto didáctico Quirón ;
_v39
590 _aTambién puedes solicitar un ejemplar en el Area de Reserva
590 _aBibliografía Básica (BGTQ)
650 7 _aTiras cómicas, historietas, etc.
_2
_95861
650 4 _aFOTONOVELA -
_xHISTORIA Y CRITICA
_913349
905 _aLibro
999 _c102876
_d102876